Las cartas de suelos : experiencias recogidas con su uso y propuestas para mejorarlas /
Guardado en:
| Autor Principal: | |
|---|---|
| Formato: | Libro |
| Idioma: | Spanish |
| Publicado: |
Rafaela :
INTA,
1990.
|
| Etiquetas: |
Agregar Etiqueta
Sin Etiquetas, Sea el primero en etiquetar este registro!
|
| LEADER | 00521nam a22001455a 4500 | ||
|---|---|---|---|
| 001 | EEA.libagro004569 | ||
| 005 | 20181112094115.0 | ||
| 008 | 130809s1990####ag############000#0#spa#d | ||
| 082 | 0 | 4 | |a 631.47 |
| 100 | 1 | |a Puricelli, Carlos A. | |
| 245 | 1 | 4 | |a Las cartas de suelos : |b experiencias recogidas con su uso y propuestas para mejorarlas / |c Carlos Alfredo Puricelli. |
| 260 | |a Rafaela : |b INTA, |c 1990. | ||
| 300 | |a 14 p. ; |c 27 cm. | ||
| 500 | |a Programa de Suelos. Documento nº 4. | ||
| 859 | |a AR-BbBCA |b BIB. AGRONOMIA |h 631.47 |i P985 |p 1992/1814 | ||
